| 000 | 00825nam a2200253 a 4500 | ||
|---|---|---|---|
| 005 | 20241210063747.0 | ||
| 008 | 070820s20002005mx r 000 0 spa d | ||
| 020 | _a8433905996 | ||
| 035 | _aUPN01000151008 | ||
| 049 | _aCG | ||
| 050 | 4 |
_aPN83 _bB4.3 |
|
| 100 | 1 |
_aBloom, Harold, _d1930- _941244 |
|
| 245 | 1 | 0 |
_aCómo leer y por qué / _cHarold Bloom ; tr. Marcelo Cohen. |
| 260 |
_aBarcelona, Esp. : _bAnagrama, _c2000 (2005 impr.) |
||
| 300 | _a307 p. | ||
| 440 | 0 |
_aArgumentos ; _v248 |
|
| 534 |
_pTítulo original : _tHow to read and why |
||
| 650 | 4 |
_aLectura _913351 |
|
| 650 | 4 |
_aLITERATURA MODERNA - _xAPRECIACION _98880 |
|
| 650 | 4 |
_aLITERATURA MODERNA - _xESTUDIO Y ENSEÑANZA |
|
| 650 | 0 |
_aLiteratura moderna _xHistoria y crítica _98879 |
|
| 650 | 4 |
_aLiteratura _xEstudio y enseñanza _97638 |
|
| 905 | _aLibro | ||
| 999 |
_c123148 _d123148 |
||